[Event "2nd Serbia Open Masters 2022"]
[Site "Novi Sad"]
[Date "2022.07.03"]
[Round "6.18"]
[White "Srihari L R"]
[Black "Bernadskiy, Vitaliy"]
[Result "1-0"]
[WhiteElo "2404"]
[BlackElo "2636"]
[Annotator "TA"]
[PlyCount "91"]
[EventDate "2022.06.28"]
[EventType "swiss"]
[EventCountry "SRB"]
[SourceTitle "playchess.com"]
[Source "ChessBase"]
[SourceQuality "1"]

1. d4 e6 2. c4 c5 3. d5 exd5 4. cxd5 d6 5. Nc3 a6 6. a4 g6 7. g3 Bg7 8. Bg2 Nd7 9. Nf3 Rb8 10. Bf4 Qe7 11. O-O Ngf6 12. h3 O-O 13. e4 h6 14. Re1 g5 15. Bxd6 Qxd6 16. e5 Qb6 17. exf6 Nxf6 18. Qc2 Ne8 19. a5 Qd8 20. Ne4 Bf5 21. Qxc5 Bxb2 22. Rab1 Rc8 23. Qb4 Bxe4 24. Rxb2 Bxf3 25. Bxf3 Nd6 26. Rbe2 Qf6 27. Bg4 Rc4 28. Qb6 Rd4 29. Re5 Rd2 30. R1e2 Rxe2 31. Rxe2 Kg7 32. Kg2 Rh8 33. Qc7 h5 34. Bd7 Rh6 35. Be6 g4 36. Re3 gxh3+ 37. Bxh3 Qd4 38. Be6 Qb4 39. Rf3 Rf6 40. Rxf6 Kxf6 41. Qd8+ Kg6 42. Qg8+ Kf6 43. Qf8 Qe4+ 44. Kh2 Qe2 45. Qxd6 Qxf2+ 46. Kh3 1-0

[Event "2nd Serbia Open Masters 2022"]
[Site "Novi Sad"]
[Date "2022.07.03"]
[Round "6.19"]
[White "Narva, Mai"]
[Black "Kadric, Denis"]
[Result "1/2-1/2"]
[WhiteElo "2385"]
[BlackElo "2576"]
[Annotator "TA"]
[PlyCount "119"]
[EventDate "2022.06.28"]
[EventType "swiss"]
[EventCountry "SRB"]
[SourceTitle "playchess.com"]
[Source "ChessBase"]
[SourceQuality "1"]

1. e4 d6 2. d4 Nf6 3. Nc3 e5 4. Nf3 Nbd7 5. Bc4 Be7 6. O-O O-O 7. Re1 c6 8. a4 h6 9. h3 Re8 10. Ba2 a5 11. Be3 exd4 12. Nxd4 Bf8 13. Bf4 Nc5 14. Qf3 Ne6 15. Bxe6 Bxe6 16. Rad1 d5 17. exd5 Bxd5 18. Rxe8 Qxe8 19. Nxd5 Nxd5 20. Bd2 Qe5 21. Nf5 Qxb2 22. c4 Ne7 23. Bc3 Qb3 24. Nd6 f6 25. Rd3 Ng6 26. Bxf6 Qb1+ 27. Rd1 Qc2 28. Nf5 gxf6 29. Qg4 Kh8 30. Ne3 Ne5 31. Nxc2 Nxg4 32. hxg4 Bc5 33. Kf1 Rf8 34. Rd7 f5 35. g5 hxg5 36. Rxb7 Rd8 37. Rf7 f4 38. Ke2 Bxf2 39. Rf5 Bh4 40. Rxa5 Kg7 41. Rc5 Kg6 42. a5 g4 43. a6 Re8+ 44. Kd3 Bf2 45. Rxc6+ Kg5 46. a7 Bxa7 47. c5 f3 48. gxf3 gxf3 49. Nd4 f2 50. Nf3+ Kg4 51. Nd2 Re1 52. Rc7 Bb8 53. Rg7+ Kh3 54. c6 Bf4 55. c7 Rc1 56. Rf7 Kg4 57. Rg7+ Kh5 58. Rf7 Bxd2 59. Kxd2 Rxc7 60. Rxf2 1/2-1/2

[Event "2nd Serbia Open Masters 2022"]
[Site "Novi Sad"]
[Date "2022.07.03"]
[Round "6.20"]
[White "Perunovic, Milos"]
[Black "Harshavardhan G B"]
[Result "1/2-1/2"]
[WhiteElo "2544"]
[BlackElo "2367"]
[Annotator "TA"]
[PlyCount "86"]
[EventDate "2022.06.28"]
[EventType "swiss"]
[EventCountry "SRB"]
[SourceTitle "playchess.com"]
[Source "ChessBase"]
[SourceQuality "1"]

1. e4 c5 2. Nf3 d6 3. d4 cxd4 4. Nxd4 Nf6 5. Nc3 Nc6 6. Bg5 Bd7 7. Be2 e6 8. Bxf6 gxf6 9. O-O a6 10. a4 Be7 11. Kh1 O-O 12. f4 Kh8 13. Nxc6 bxc6 14. a5 c5 15. Bc4 Rg8 16. Qh5 Rg7 17. f5 Qg8 18. Qe2 Bc8 19. Qf3 Bb7 20. Ne2 Re8 21. Ng3 Rg4 22. Qb3 Bc8 23. Rad1 Rh4 24. fxe6 Bxe6 25. Bd5 Rb8 26. Qd3 Rxb2 27. Nf5 Bxf5 28. Rxf5 Rg4 29. Rf2 Rb5 30. Qh3 Qg5 31. Rf5 Qh4 32. Qf3 Rg7 33. Rf4 Qg5 34. g3 Rxa5 35. Qb3 Rb5 36. Qa4 Qh5 37. Rg1 Rb8 38. Qxa6 Rbg8 39. Qd3 Rg5 40. Qf3 Qxf3+ 41. Rxf3 Rb8 42. Ra1 Re5 43. Rf5 Rxf5 1/2-1/2

[Event "2nd Serbia Open Masters 2022"]
[Site "Novi Sad"]
[Date "2022.07.03"]
[Round "6.21"]
[White "Harikrishnan.A.Ra"]
[Black "Suleymanli, Aydin"]
[Result "1/2-1/2"]
[WhiteElo "2396"]
[BlackElo "2537"]
[Annotator "TA"]
[PlyCount "88"]
[EventDate "2022.06.28"]
[EventType "swiss"]
[EventCountry "SRB"]
[SourceTitle "playchess.com"]
[Source "ChessBase"]
[SourceQuality "1"]

1. d4 Nf6 2. c4 e6 3. Nf3 d5 4. Nc3 Be7 5. Bf4 O-O 6. e3 c5 7. dxc5 Bxc5 8. a3 Nc6 9. cxd5 Nxd5 10. Nxd5 exd5 11. Bd3 Be7 12. O-O Bg4 13. h3 Bh5 14. b4 Kh8 15. Be2 Bf6 16. Ra2 Bg6 17. b5 Ne7 18. Be5 Bxe5 19. Nxe5 Be4 20. Bf3 Bxf3 21. Nxf3 Rc8 22. Qd4 b6 23. Rd1 Qe8 24. Qd3 Rc4 25. a4 h6 26. Nd4 Qb8 27. Rc2 Rfc8 28. Rdc1 R4c5 29. Nb3 R5c7 30. g3 Qb7 31. Rxc7 Rxc7 32. Rxc7 Qxc7 33. Nd4 Qc8 34. Qc2 Qxc2 35. Nxc2 Kg8 36. Kf1 Kf8 37. Ke2 Ke8 38. Kd3 Kd7 39. Kd4 Kd6 40. g4 Ng6 41. Nb4 Ne5 42. Nxd5 Nf3+ 43. Kc4 Ne5+ 44. Kd4 Nf3+ 1/2-1/2

[Event "2nd Serbia Open Masters 2022"]
[Site "Novi Sad"]
[Date "2022.07.03"]
[Round "6.22"]
[White "Damjanovic, Vuk"]
[Black "Zanan, Evgeny"]
[Result "1/2-1/2"]
[WhiteElo "2393"]
[BlackElo "2534"]
[Annotator "TA"]
[PlyCount "89"]
[EventDate "2022.06.28"]
[EventType "swiss"]
[EventCountry "SRB"]
[SourceTitle "playchess.com"]
[Source "ChessBase"]
[SourceQuality "1"]

1. c4 Nf6 2. Nf3 e6 3. d4 d5 4. Nc3 c5 5. cxd5 exd5 6. Bg5 Be6 7. Bxf6 Qxf6 8. e4 dxe4 9. Bb5+ Nc6 10. Nxe4 Qf4 11. Nc3 a6 12. Bxc6+ bxc6 13. Qa4 Rc8 14. O-O Be7 15. dxc5 Qxa4 16. Nxa4 Bf6 17. Rfd1 O-O 18. Nd4 Bg4 19. f3 Rfd8 20. Nxc6 Bd7 21. Nxd8 Bxa4 22. Nb7 Bxd1 23. Rxd1 Rc7 24. Nd6 Rxc5 25. Ne4 Rc2 26. Nxf6+ gxf6 27. Rd6 Rxb2 28. Rxa6 Kg7 29. h3 h5 30. Kh2 h4 31. a4 Ra2 32. a5 Ra1 33. Ra8 Kh7 34. a6 Kg7 35. a7 Kh7 36. f4 f5 37. g3 Ra2+ 38. Kg1 Ra1+ 39. Kf2 Ra2+ 40. Kf1 Ra1+ 41. Ke2 Ra2+ 42. Kf3 Ra3+ 43. Ke2 Ra2+ 44. Kf3 Ra3+ 45. Ke2 1/2-1/2

[Event "2nd Serbia Open Masters 2022"]
[Site "Novi Sad"]
[Date "2022.07.03"]
[Round "6.23"]
[White "Ohanyan, Emin"]
[Black "Santiago, Yago De Moura"]
[Result "1/2-1/2"]
[WhiteElo "2366"]
[BlackElo "2498"]
[Annotator "TA"]
[PlyCount "228"]
[EventDate "2022.06.28"]
[EventType "swiss"]
[EventCountry "SRB"]
[SourceTitle "playchess.com"]
[Source "ChessBase"]
[SourceQuality "1"]

1. e4 d6 2. d4 Nf6 3. Nc3 g6 4. Be3 Bg7 5. Qd2 c6 6. Nf3 Nbd7 7. h3 Qc7 8. Bh6 Bxh6 9. Qxh6 b5 10. Bd3 Bb7 11. O-O Rg8 12. Ng5 e5 13. dxe5 dxe5 14. Nxh7 Nh5 15. Be2 O-O-O 16. Bxh5 gxh5 17. Qxh5 Rg6 18. Qf5 Kb8 19. h4 Rdg8 20. Ng5 b4 21. Ne2 Ba6 22. Rfd1 Nc5 23. Ng3 f6 24. Nh3 Bc8 25. Qf3 Bg4 26. Qe3 Bxd1 27. Rxd1 Ne6 28. Qb3 Nf4 29. Qxb4+ Ka8 30. Kh2 Rg4 31. Qd6 Qc8 32. Qd7 Qxd7 33. Rxd7 Rxh4 34. Rd6 Nxh3 35. gxh3 Rf4 36. Rd2 Rh8 37. Kg2 Kb8 38. Rd7 Rg8 39. Rf7 Rg6 40. Rh7 Rxe4 41. h4 Rg8 42. Rf7 Rxh4 43. Rxf6 Kb7 44. Kf3 Rgg4 45. Re6 Rf4+ 46. Ke3 Rh2 47. Ne4 Rh3+ 48. Ng3 Rh2 49. Ne4 Rh3+ 50. Ng3 Rf5 51. Ke2 Rf7 52. Rxe5 Rh2 53. Ne4 Kc7 54. Ke3 Rh1 55. b3 Rd7 56. Ke2 Rc1 57. Rc5 Kb6 58. a4 a5 59. Rc4 Rd5 60. f3 Rh1 61. Ke3 Rh2 62. Rc3 Rd1 63. Rc4 Rg2 64. f4 Rf1 65. Nc5 Rff2 66. Nd7+ Kc7 67. Ne5 Rxc2 68. Rxc2 Rxc2 69. Kd3 Rf2 70. Nc4 Rf3+ 71. Kc2 Rxf4 72. Nxa5 Kb6 73. Nc4+ Kc5 74. Na5 Rh4 75. Kb2 Kd5 76. Nc4 Kd4 77. Na5 Rh2+ 78. Ka3 c5 79. Nc4 Kd5 80. Nb6+ Kc6 81. Nc4 Rg2 82. Ne3 Rg1 83. Kb2 Rh1 84. Ka3 Kd6 85. Nc4+ Kd5 86. Nb6+ Kd4 87. Kb2 Rh2+ 88. Ka3 Rh1 89. Kb2 Rh7 90. Ka3 Ra7 91. Nc4 Rg7 92. a5 Kd5 93. Ka4 Kc6 94. b4 cxb4 95. Kxb4 Rg4 96. a6 Rh4 97. a7 Kb7 98. Kc5 Rh5+ 99. Kd6 Kxa7 100. Kc6 Ka6 101. Kd6 Kb5 102. Ne5 Rh1 103. Kd5 Rh8 104. Nf7 Rh5+ 105. Ne5 Rg5 106. Kd4 Rh5 107. Kd5 Kb4 108. Kd4 Rh4+ 109. Kd5 Kc3 110. Kc5 Ra4 111. Kd5 Ra8 112. Nc6 Kd3 113. Ne5+ Ke3 114. Nc4+ Kf4 1/2-1/2

[Event "2nd Serbia Open Masters 2022"]
[Site "Novi Sad"]
[Date "2022.07.03"]
[Round "6.24"]
[White "Stremavicius, Titas"]
[Black "Perunovic, Miodrag"]
[Result "1-0"]
[WhiteElo "2508"]
[BlackElo "2413"]
[Annotator "TA"]
[PlyCount "95"]
[EventDate "2022.06.28"]
[EventType "swiss"]
[EventCountry "SRB"]
[SourceTitle "playchess.com"]
[Source "ChessBase"]
[SourceQuality "1"]

1. c4 Nf6 2. Nc3 g6 3. e4 d6 4. d4 Bg7 5. Be2 O-O 6. Be3 Nc6 7. d5 Ne5 8. f4 Neg4 9. Bd2 Nh6 10. h3 e6 11. g4 exd5 12. exd5 Re8 13. Kf1 c6 14. Bf3 cxd5 15. cxd5 b5 16. a3 Nd7 17. Nge2 Rb8 18. Kg2 b4 19. Ne4 bxa3 20. Rxa3 Nb6 21. Bc3 Bxc3 22. Rxc3 f5 23. Ng5 Qf6 24. Ne6 Nxd5 25. Bxd5 Bxe6 26. g5 Bxd5+ 27. Qxd5+ Qf7 28. Qd2 Qb7+ 29. Kh2 Nf7 30. Rc2 Re7 31. Nc3 Rbe8 32. Qg2 Qxg2+ 33. Kxg2 Rc7 34. Rd2 Kg7 35. Ra1 Rb7 36. Nd5 Reb8 37. b4 Nd8 38. Ra6 Nf7 39. Kf3 Rd8 40. h4 Rdd7 41. Rda2 h6 42. Ra1 Kf8 43. Re1 Rb5 44. Nf6 Re7 45. Nh7+ Ke8 46. Rxe7+ Kxe7 47. Rxa7+ Ke8 48. Nf6+ 1-0

[Event "2nd Serbia Open Masters 2022"]
[Site "Novi Sad"]
[Date "2022.07.03"]
[Round "6.25"]
[White "Sadikhov, Ulvi"]
[Black "Tsolakidou, Stavroula"]
[Result "1/2-1/2"]
[WhiteElo "2491"]
[BlackElo "2358"]
[Annotator "TA"]
[PlyCount "57"]
[EventDate "2022.06.28"]
[EventType "swiss"]
[EventCountry "SRB"]
[SourceTitle "playchess.com"]
[Source "ChessBase"]
[SourceQuality "1"]

1. c4 c6 2. Nf3 d5 3. b3 Nf6 4. Bb2 e6 5. g3 Nbd7 6. Bg2 Bd6 7. O-O O-O 8. d3 e5 9. a3 Re8 10. Qc2 e4 11. dxe4 dxe4 12. Nd4 Be5 13. Rd1 Qe7 14. Nc3 Nc5 15. b4 Bxd4 16. Rxd4 Ne6 17. Rdd1 Ng5 18. Qd2 Nh3+ 19. Bxh3 Bxh3 20. Qd6 Qe6 21. Qxe6 Bxe6 22. Rd4 c5 23. bxc5 Rac8 24. Nb5 Rxc5 25. Nd6 Rb8 26. a4 Rc6 27. a5 Ne8 28. Ba3 b6 29. axb6 1/2-1/2

[Event "2nd Serbia Open Masters 2022"]
[Site "Novi Sad"]
[Date "2022.07.03"]
[Round "6.26"]
[White "Karthik Venkataraman"]
[Black "Jain Kashish Manoj"]
[Result "1-0"]
[WhiteElo "2480"]
[BlackElo "2271"]
[Annotator "TA"]
[PlyCount "59"]
[EventDate "2022.06.28"]
[EventType "swiss"]
[EventCountry "SRB"]
[SourceTitle "playchess.com"]
[Source "ChessBase"]
[SourceQuality "1"]

1. e4 c5 2. Nf3 d6 3. d4 cxd4 4. Nxd4 Nf6 5. Nc3 Nc6 6. Bc4 Bd7 7. Be3 Ng4 8. Nxc6 bxc6 9. Bf4 e5 10. Bd2 Be7 11. Qe2 O-O 12. O-O-O Nf6 13. h3 a5 14. f4 a4 15. g4 Qb6 16. fxe5 Rfb8 17. b3 axb3 18. cxb3 dxe5 19. g5 Ne8 20. Be3 Qb4 21. Rxd7 Qxc3+ 22. Kb1 Qb4 23. Rc1 Rb7 24. Rxb7 Qxb7 25. Bxf7+ Kxf7 26. Qc4+ Kf8 27. Rf1+ Nf6 28. gxf6 gxf6 29. Rg1 Ke8 30. Qe6 1-0

[Event "2nd Serbia Open Masters 2022"]
[Site "Novi Sad"]
[Date "2022.07.03"]
[Round "6.27"]
[White "Shahil Dey"]
[Black "Arjun Kalyan"]
[Result "1/2-1/2"]
[WhiteElo "2369"]
[BlackElo "2477"]
[Annotator "TA"]
[PlyCount "54"]
[EventDate "2022.06.28"]
[EventType "swiss"]
[EventCountry "SRB"]
[SourceTitle "playchess.com"]
[Source "ChessBase"]
[SourceQuality "1"]

1. e4 e5 2. Nf3 Nc6 3. Bc4 Bc5 4. O-O Nf6 5. d3 d6 6. c3 O-O 7. h3 h6 8. Re1 a5 9. Nbd2 Be6 10. Bb5 Qb8 11. Nf1 Qa7 12. Re2 a4 13. Be3 Bxe3 14. Nxe3 Ne7 15. Bc4 Bxc4 16. Nxc4 b5 17. Ne3 Rfe8 18. Qc2 Qb7 19. Rae1 Ng6 20. g3 d5 21. Ng4 Nxg4 22. hxg4 Rad8 23. b3 axb3 24. axb3 c5 25. exd5 Qxd5 26. Re3 Re6 27. c4 bxc4 1/2-1/2

[Event "2nd Serbia Open Masters 2022"]
[Site "Novi Sad"]
[Date "2022.07.03"]
[Round "6.28"]
[White "Souhardo Basak"]
[Black "Parkhov, Yair"]
[Result "1/2-1/2"]
[WhiteElo "2357"]
[BlackElo "2460"]
[Annotator "TA"]
[PlyCount "85"]
[EventDate "2022.06.28"]
[EventType "swiss"]
[EventCountry "SRB"]
[SourceTitle "playchess.com"]
[Source "ChessBase"]
[SourceQuality "1"]

1. e4 c5 2. Nf3 Nc6 3. d4 cxd4 4. Nxd4 Nf6 5. Nc3 e6 6. Ndb5 Bc5 7. Bf4 O-O 8. Bc7 Qe7 9. Bd6 Bxd6 10. Qxd6 Qd8 11. Nc7 Rb8 12. O-O-O b5 13. N7xb5 Qb6 14. Qd2 d5 15. exd5 exd5 16. b3 Bf5 17. Na4 Qd8 18. Nd4 Bd7 19. Nc5 Qe7 20. Nxc6 Bxc6 21. Qd4 a5 22. Bd3 Rb4 23. Qe3 Qd6 24. Na6 Rg4 25. Qb6 a4 26. g3 d4 27. Nb4 axb3 28. axb3 Rb8 29. Qxc6 Qxb4 30. f4 Qa3+ 31. Kd2 Qa5+ 32. Ke2 Nd5 33. Ra1 Qd8 34. Kf3 Nb4 35. Qc4 Nxd3 36. Qxd3 Rg6 37. Rhd1 Rc6 38. Ra4 Qc7 39. Rc4 Rc8 40. Qxd4 h5 41. Rxc6 Qxc6+ 42. Qe4 Qc3+ 43. Qd3 1/2-1/2

[Event "2nd Serbia Open Masters 2022"]
[Site "Novi Sad"]
[Date "2022.07.03"]
[Round "6.29"]
[White "Spasic, Petar"]
[Black "Arnaudov, G. Petar"]
[Result "0-1"]
[WhiteElo "2336"]
[BlackElo "2467"]
[Annotator "TA"]
[PlyCount "80"]
[EventDate "2022.06.28"]
[EventType "swiss"]
[EventCountry "SRB"]
[SourceTitle "playchess.com"]
[Source "ChessBase"]
[SourceQuality "1"]

1. c4 e6 2. Nf3 d5 3. e3 Nf6 4. b3 c5 5. Bb2 Nc6 6. cxd5 exd5 7. Be2 Bd6 8. d4 O-O 9. dxc5 Bxc5 10. O-O a6 11. Nc3 Ba7 12. Qc2 Qe7 13. Rad1 Rd8 14. Qb1 Bg4 15. Nh4 d4 16. exd4 Bxe2 17. Nf5 Qe6 18. Nxg7 Kxg7 19. d5 Qg4 20. Nxe2 Qxe2 21. Qa1 Nd4 22. Bxd4 Bxd4 23. Rxd4 Re8 24. h3 Qe5 25. d6 Rad8 26. Rfd1 Rd7 27. f4 Qe3+ 28. Kh2 Re6 29. R1d3 Qf2 30. Qc3 Rexd6 31. Rxd6 Rxd6 32. Rg3+ Kf8 33. Qc8+ Ne8 34. Rf3 Qb6 35. Qc3 Qd4 36. Qc8 b5 37. Qc2 h6 38. Qh7 Rg6 39. f5 Qe5+ 40. Kg1 Rd6 0-1

[Event "2nd Serbia Open Masters 2022"]
[Site "Novi Sad"]
[Date "2022.07.03"]
[Round "6.30"]
[White "Badelka, Olga"]
[Black "Chitlange Sakshi"]
[Result "1/2-1/2"]
[WhiteElo "2453"]
[BlackElo "2216"]
[Annotator "TA"]
[PlyCount "51"]
[EventDate "2022.06.28"]
[EventType "swiss"]
[EventCountry "SRB"]
[SourceTitle "playchess.com"]
[Source "ChessBase"]
[SourceQuality "1"]

1. d4 d5 2. c4 e6 3. Nc3 Nf6 4. cxd5 exd5 5. Bg5 c6 6. e3 Bd6 7. Bd3 O-O 8. Nge2 Re8 9. Qc2 h6 10. Bh4 a5 11. h3 Na6 12. a3 Nc7 13. O-O Ne6 14. f3 Ng5 15. Bxg5 hxg5 16. e4 c5 17. Bb5 cxd4 18. Nxd4 Bd7 19. Bxd7 Qxd7 20. Rad1 dxe4 21. Nxe4 Nxe4 22. fxe4 Rac8 23. Qb3 Bc5 24. Kh1 Bxd4 25. Rxd4 Qxd4 26. Qxf7+ 1/2-1/2

[Event "2nd Serbia Open Masters 2022"]
[Site "Novi Sad"]
[Date "2022.07.03"]
[Round "6.31"]
[White "Ivanisevic, Ivan"]
[Black "Mamedov, Edgar"]
[Result "1-0"]
[WhiteElo "2550"]
[BlackElo "2004"]
[Annotator "TA"]
[PlyCount "71"]
[EventDate "2022.06.28"]
[EventType "swiss"]
[EventCountry "SRB"]
[SourceTitle "playchess.com"]
[Source "ChessBase"]
[SourceQuality "1"]

1. c4 c6 2. Nf3 d5 3. e3 Nf6 4. Nc3 a6 5. h3 dxc4 6. Bxc4 b5 7. Bb3 e6 8. e4 Bb7 9. e5 Nd5 10. Nxd5 cxd5 11. d4 Nc6 12. O-O Be7 13. Qd3 Rc8 14. Bd2 Na5 15. Bd1 Nc4 16. Bc1 b4 17. Ba4+ Bc6 18. Bxc6+ Rxc6 19. b3 Na3 20. Bxa3 bxa3 21. Rac1 Qc7 22. Rxc6 Qxc6 23. Qd2 O-O 24. Rc1 Qb5 25. Rc7 Bb4 26. Qc2 h6 27. g4 f5 28. exf6 Rxf6 29. Rc8+ Rf8 30. Ne5 Rxc8 31. Qxc8+ Kh7 32. Nf7 Qe2 33. Qh8+ Kg6 34. Ne5+ Kf6 35. Qd8+ Be7 36. Qe8 1-0

[Event "2nd Serbia Open Masters 2022"]
[Site "Novi Sad"]
[Date "2022.07.03"]
[Round "6.32"]
[White "Basso, Pier Luigi"]
[Black "Drnovsek, Gal"]
[Result "1/2-1/2"]
[WhiteElo "2570"]
[BlackElo "2398"]
[Annotator "TA"]
[PlyCount "109"]
[EventDate "2022.06.28"]
[EventType "swiss"]
[EventCountry "SRB"]
[SourceTitle "playchess.com"]
[Source "ChessBase"]
[SourceQuality "1"]

1. d4 Nf6 2. c4 e6 3. Nc3 Bb4 4. Bd2 O-O 5. e3 d5 6. Nf3 b6 7. Rc1 Bb7 8. cxd5 exd5 9. Bd3 a6 10. O-O Nbd7 11. Ne5 Bd6 12. f4 c5 13. Qf3 Re8 14. Qh3 Nf8 15. Be1 Ng6 16. Qf3 Rc8 17. Rd1 b5 18. h4 c4 19. Bf5 Rc7 20. a3 Ne7 21. Bb1 h5 22. g4 hxg4 23. Nxg4 Ne4 24. Nxe4 dxe4 25. Bxe4 Bxe4 26. Qxe4 f5 27. Qe6+ Kh7 28. Nh2 Rf8 29. Nf3 Rf6 30. Ng5+ Kg6 31. h5+ Kxh5 32. Rd2 Rxe6 33. Nxe6 Qa8 34. Rg2 Ng6 35. Rh2+ Nh4 36. Nxc7 Bxc7 37. Rxh4+ Kg6 38. Kf2 Qe4 39. Rg1+ Kf6 40. Bc3 Qc2+ 41. Kf3 Qe4+ 42. Kf2 Qc2+ 43. Kg3 g5 44. d5+ Kg6 45. Rh8 Qd3 46. Rg8+ Kf7 47. Rg7+ Kf8 48. Rxg5 Qxe3+ 49. Kh4 Bd8 50. Kh5 Bxg5 51. Rxg5 Qxf4 52. d6 Qh2+ 53. Kg6 Qxd6+ 54. Kxf5 Qd7+ 55. Ke4 1/2-1/2

[Event "2nd Serbia Open Masters 2022"]
[Site "Novi Sad"]
[Date "2022.07.03"]
[Round "6.33"]
[White "Ostovic, Matija"]
[Black "Ferreira, Jorge Viterbo"]
[Result "1/2-1/2"]
[WhiteElo "2391"]
[BlackElo "2512"]
[Annotator "TA"]
[PlyCount "51"]
[EventDate "2022.06.28"]
[EventType "swiss"]
[EventCountry "SRB"]
[SourceTitle "playchess.com"]
[Source "ChessBase"]
[SourceQuality "1"]

1. e4 c5 2. Nf3 Nc6 3. c3 Nf6 4. e5 Nd5 5. d4 cxd4 6. cxd4 d6 7. Bc4 dxe5 8. dxe5 Be6 9. O-O g6 10. Qe2 Bg7 11. Rd1 Qa5 12. Nbd2 Rd8 13. Nb3 Qc7 14. Nc5 Nc3 15. Rxd8+ Nxd8 16. bxc3 Qxc5 17. Bb5+ Nc6 18. Be3 Qxc3 19. Rc1 Qa5 20. Nd4 O-O 21. Bxc6 bxc6 22. Nxc6 Qxa2 23. Qxa2 Bxa2 24. Ra1 Bc4 25. Nxe7+ Kh8 26. Bxa7 1/2-1/2

[Event "2nd Serbia Open Masters 2022"]
[Site "Novi Sad"]
[Date "2022.07.03"]
[Round "6.34"]
[White "Erdogmus, Yagiz Kaan"]
[Black "Kovacevic, Aleksandar"]
[Result "1-0"]
[WhiteElo "2383"]
[BlackElo "2503"]
[Annotator "TA"]
[PlyCount "57"]
[EventDate "2022.06.28"]
[EventType "swiss"]
[EventCountry "SRB"]
[SourceTitle "playchess.com"]
[Source "ChessBase"]
[SourceQuality "1"]

1. d4 Nf6 2. c4 b6 3. f3 g6 4. e4 d6 5. Nc3 Bg7 6. Be3 O-O 7. Qd2 c5 8. d5 e6 9. Be2 exd5 10. cxd5 Na6 11. Nh3 Bxh3 12. Bxa6 Bd7 13. a4 Ne8 14. Bg5 f6 15. Bf4 f5 16. O-O fxe4 17. Nxe4 Bxb2 18. Bg5 Bf6 19. Nxf6+ Nxf6 20. Rae1 Rf7 21. Bb7 Rb8 22. Bc6 Rc8 23. f4 Bxc6 24. dxc6 h6 25. Bxh6 d5 26. Re6 Ne4 27. Qd3 Rf6 28. c7 Rxc7 29. Rxe4 1-0

[Event "2nd Serbia Open Masters 2022"]
[Site "Novi Sad"]
[Date "2022.07.03"]
[Round "6.36"]
[White "Song, Raymond"]
[Black "Roebers, Eline"]
[Result "1-0"]
[WhiteElo "2485"]
[BlackElo "2369"]
[Annotator "TA"]
[PlyCount "71"]
[EventDate "2022.06.28"]
[EventType "swiss"]
[EventCountry "SRB"]
[SourceTitle "playchess.com"]
[Source "ChessBase"]
[SourceQuality "1"]

1. d4 Nf6 2. c4 g6 3. g3 Bg7 4. Bg2 O-O 5. Nc3 d6 6. Nf3 c5 7. O-O Nc6 8. dxc5 dxc5 9. Bf4 Be6 10. Ne5 Na5 11. Qe1 Rc8 12. Rd1 Qb6 13. Nd5 Bxd5 14. cxd5 Qb5 15. Bf3 Nc4 16. Nxc4 Qxc4 17. Qa5 Nd7 18. Qxa7 Qb5 19. d6 e5 20. Bg5 f6 21. Be3 Rb8 22. b3 f5 23. Bd5+ Kh8 24. Qa4 Qxa4 25. bxa4 Rf6 26. Bc4 f4 27. gxf4 exf4 28. Bc1 Ne5 29. Bb5 Rd8 30. d7 Kg8 31. Rd5 Rf5 32. Kh1 f3 33. exf3 Nxf3 34. Rxf5 gxf5 35. Kg2 Nd4 36. Bg5 1-0

[Event "2nd Serbia Open Masters 2022"]
[Site "Novi Sad"]
[Date "2022.07.03"]
[Round "6.37"]
[White "Savanovic, Aleksandar"]
[Black "Bronstein, Or"]
[Result "0-1"]
[WhiteElo "2366"]
[BlackElo "2492"]
[Annotator "TA"]
[PlyCount "78"]
[EventDate "2022.06.28"]
[EventType "swiss"]
[EventCountry "SRB"]
[SourceTitle "playchess.com"]
[Source "ChessBase"]
[SourceQuality "1"]

1. e4 c5 2. Nf3 d6 3. d4 cxd4 4. Nxd4 Nf6 5. Nc3 a6 6. Be2 e5 7. Nb3 Be7 8. O-O O-O 9. Be3 Be6 10. f4 exf4 11. Rxf4 Nc6 12. Nd5 Ne5 13. Nxe7+ Qxe7 14. Bd4 Rac8 15. Bc3 Rfe8 16. Qd2 Nfd7 17. Nd4 Qg5 18. Nxe6 Rxe6 19. Raf1 Qe7 20. h4 h6 21. Qe1 Rf6 22. Rf5 Rxf5 23. exf5 Nf6 24. Bd1 Rc4 25. g3 Qc7 26. Bxe5 dxe5 27. c3 a5 28. Rf2 e4 29. Kg2 a4 30. a3 Qe5 31. Qf1 Rc8 32. Re2 Rd8 33. Bc2 Rd5 34. Qe1 Qxf5 35. Bxe4 Nxe4 36. Rxe4 Rd3 37. Rxa4 Qf3+ 38. Kh3 Re3 39. Qg1 Qf5+ 0-1

[Event "2nd Serbia Open Masters 2022"]
[Site "Novi Sad"]
[Date "2022.07.03"]
[Round "6.38"]
[White "Pap, Misa"]
[Black "Janzelj, Tim"]
[Result "0-1"]
[WhiteElo "2375"]
[BlackElo "2470"]
[Annotator "TA"]
[PlyCount "86"]
[EventDate "2022.06.28"]
[EventType "swiss"]
[EventCountry "SRB"]
[SourceTitle "playchess.com"]
[Source "ChessBase"]
[SourceQuality "1"]

1. e4 c6 2. d4 d5 3. Nd2 dxe4 4. Nxe4 Nf6 5. Nxf6+ exf6 6. c3 Bd6 7. Bd3 O-O 8. Qc2 Re8+ 9. Ne2 h5 10. O-O h4 11. Bf4 Bxf4 12. Nxf4 Nd7 13. Bh7+ Kh8 14. Rae1 Nf8 15. Bf5 g6 16. Bxg6 fxg6 17. Nxg6+ Kg7 18. Nxh4 Be6 19. Re3 Qd5 20. f4 Qh5 21. Qf2 Bg4 22. h3 Bd7 23. g4 Qd5 24. Rfe1 Rxe3 25. Rxe3 Kf7 26. f5 Re8 27. b3 c5 28. Rxe8 Bxe8 29. Qe3 Bc6 30. Kf2 cxd4 31. cxd4 Qh1 32. Kg3 Bd5 33. Nf3 b6 34. Ne1 Nd7 35. Nd3 Qg2+ 36. Kh4 Qxa2 37. Nf4 Qxb3 38. Qe1 Nf8 39. Kh5 Kg8 40. Kh6 Qf3 41. Nh5 Qxh3 42. Qe7 Bf7 43. Qxf6 Qxg4 0-1

[Event "2nd Serbia Open Masters 2022"]
[Site "Novi Sad"]
[Date "2022.07.03"]
[Round "6.39"]
[White "Chanda, Sandipan"]
[Black "Tadic, Stefan"]
[Result "1-0"]
[WhiteElo "2467"]
[BlackElo "2358"]
[Annotator "TA"]
[PlyCount "79"]
[EventDate "2022.06.28"]
[EventType "swiss"]
[EventCountry "SRB"]
[SourceTitle "playchess.com"]
[Source "ChessBase"]
[SourceQuality "1"]

1. d4 d5 2. Nf3 Nf6 3. Bf4 c5 4. e3 Nc6 5. Nbd2 Qb6 6. dxc5 Qxb2 7. Rb1 Qc3 8. Bb5 g6 9. O-O Bg7 10. Nb3 O-O 11. Bxc6 bxc6 12. Be5 Qc4 13. Qd4 Qxd4 14. exd4 Ba6 15. Rfe1 Ne4 16. Bxg7 Kxg7 17. Na5 Rac8 18. Ne5 Nc3 19. Rb4 Bb5 20. Re3 Nxa2 21. Rb1 f6 22. Nf3 Ba6 23. h3 Rb8 24. Rxe7+ Kg8 25. Rxb8 Rxb8 26. Rxa7 Bb5 27. Nxc6 Bxc6 28. Rxa2 Rb7 29. Ra6 Rc7 30. Nd2 Kf7 31. Nb3 Bd7 32. g4 h5 33. f3 hxg4 34. hxg4 g5 35. Rd6 f5 36. Rxd5 fxg4 37. fxg4 Bxg4 38. Rxg5 Bd1 39. Rg2 Ke6 40. d5+ 1-0

[Event "2nd Serbia Open Masters 2022"]
[Site "Novi Sad"]
[Date "2022.07.03"]
[Round "6.40"]
[White "Anuj Shrivatri"]
[Black "Cabarkapa, Novak"]
[Result "1-0"]
[WhiteElo "2356"]
[BlackElo "2466"]
[Annotator "TA"]
[PlyCount "103"]
[EventDate "2022.06.28"]
[EventType "swiss"]
[EventCountry "SRB"]
[SourceTitle "playchess.com"]
[Source "ChessBase"]
[SourceQuality "1"]

1. d4 Nf6 2. c4 g6 3. Nc3 Bg7 4. e4 d6 5. f3 O-O 6. Be3 a6 7. Nge2 Nbd7 8. g4 c5 9. h4 cxd4 10. Nxd4 Ne5 11. Be2 h5 12. gxh5 Nxh5 13. f4 Bh6 14. Bxh5 Nxc4 15. Bc1 e5 16. Nb3 exf4 17. Be2 b5 18. Nd4 Re8 19. Bxc4 bxc4 20. Kf1 Bb7 21. h5 Rxe4 22. Nxe4 Bxe4 23. Nf3 Bd3+ 24. Kf2 Qb6+ 25. Kg2 g5 26. Re1 g4 27. Nh2 Qc6+ 28. Kg1 Qc5+ 29. Kg2 Qd5+ 30. Kg1 Qc5+ 31. Kg2 f5 32. Nxg4 fxg4 33. Qxg4+ Kh8 34. Re6 Qg5 35. Qxg5 Bxg5 36. Kf2 d5 37. Bd2 Bh4+ 38. Kf3 Be4+ 39. Kxf4 Rf8+ 40. Ke5 Bg3+ 41. Kd4 Bh7 42. Bc3 Rf5 43. Ke3+ Kg8 44. Rg1 Rg5 45. Kf3 Be4+ 46. Rxe4 dxe4+ 47. Kxe4 Kh7 48. a4 Bh4 49. Rxg5 Bxg5 50. Kd5 Kh6 51. a5 Kxh5 52. Kc6 1-0